000 00688nam a2200253Ia 4500
003 OSt
005 20220918190558.0
006 a|||||r|||| 00| 0
007 ta
008 220917b |||||||| |||| 00| 0 eng d
024 _a57,885
037 _cTextual
040 _aARTS
_cARTS
_beng
041 _2eng
_aeng
082 _aP498,9DLH, L8
100 _aGoldstein M C
_973185
245 0 _aModern spoken Tibetan
_b lhasa dialect
260 _aNepal
_bR P Bhandar
_c1978
300 _axx, 407p.
_ccm.
650 _aLINGUISTICS
700 _a Nornang Navang
_973186
942 _hP498,9DLH, L8
_cTEXL
_2CC
999 _c185951
_d185951